Normal view
MARC view
- B. C. Das/ B. N. Mukherjee
Entry Personal Name
001 - CONTROL NUMBER
- control field: 5729
003 - CONTROL NUMBER IDENTIFIER
- control field: OSt
005 - DATE AND TIME OF LATEST TRANSACTION
- control field: 20240312024517.0
008 - FIXED-LENGTH DATA ELEMENTS
- fixed length control field: 240312|| aca||aabn | a|a d
040 ## - CATALOGING SOURCE
- Original cataloging agency: OSt
- Transcribing agency: OSt
100 ## - HEADING--PERSONAL NAME
- Personal name: B. C. Das/ B. N. Mukherjee
670 ## - SOURCE DATA FOUND
- Source citation: Work cat.: (OSt)5062: Das, B. C. 5728, Integral Calculus, c1996
